| 000 | 00538nam a2200181 4500 | ||
|---|---|---|---|
| 001 | 126103 | ||
| 003 | ES-MaACL | ||
| 005 | 20230906192745.0 | ||
| 007 | t| | ||
| 008 | 070214s1970 sp r ||||1| spa d | ||
| 100 | 1 |
_aReiner, Silvain. _996049 |
|
| 245 | 1 | 3 |
_aLa ciencia del exterminio / _cSilvain Reiner ; traducción de Ramón Margalef Llámbrich. |
| 250 | _a1ª ed. | ||
| 260 |
_aBarcelona : _bAymá, _c1970. |
||
| 300 |
_a318 p. ; _c21 cm. |
||
| 700 | 1 |
_aMargalef Llambrich, Ramón. _976609 |
|
| 852 |
_aES-MaACL _jC-47025 _bR.75167 |
||
| 999 |
_c126103 _d126103 |
||